02765naa a2200193 a 450000100080000000500110000800800410001910000110006024501030007126000090017430000100018349000190019350000240021252022170023665300300245365300290248365300270251277300320253910827432011-12-21 2001 bl uuuu u00u1 u #d1 aEpagri aCaracteriza????o genetica de acessos de Bromus auleticus Trinius atraves de marcadores alozimicos. c2001 a59 p. a(Dialogo, 56). aISSN, 92-9039-523-0 aOs campos naturais do sul do Brasil vem ao longo dos anos, servindo como suporte para a atividade pecu??ria. Entretanto, este recurso natural n??o tem sido manejado adequadamente, visando sua melhor conserva????o. O Bromus auleticus Trinius ?? uma esp??cie perene, nativa deste ecossistema, utilizada na alimenta????o animal (bovinos e ovinos) e tem mostrado bom potencial para produ????o de mat??ria seca e bom valor nutricional. ?? caracter??stica do planalto meridional do Brasil, apresentando dispers??o ampla, descont??nua e com poucos ind??v??duos e aparentemente se adapta a ambientes com limita????es quanto, principalmente relacionadas a solos. O objetivo deste trabalho foi avaliar germoplasmas desta esp??cie, com o intuito de criar uma variedade sint??tica para cultivo nestas regi??es. Foram coletadas amostras foliares de 11 acessos dispon??veis na Esta????o Experimental de Lages-SC (EPAGRI S/A) e submetidas ?? eletroforese de isoenzimas. Foram testados 23 sistemas enzim??ticos e 2 tamp??es eletrodo/gel. Com base no n??mero de locos detectados, n??mero de alelos por loco e nitidez na revela????o das bandas no gel, definiuse um protocolo para a esp??cie. A eletroforese foi conduzida em gel de amido (Penetrose 30 a 13%) em tamp??o eletrodo/gel tris-citrato, com nove sistemas enzim??ticos, que revelaram 15 locos aparentes: PGI (2 alelos), SKDH (4 alelos), IDH (2 alelos), PRX-1 (2 alelos), PRX-2 (2 alelos), PRX-3 (2 alelos), PRX-4 (1 alelo), PRX-5 (2 alelos), NADH (1 alelo), MDH-1 (2 alelos), MDH-2 (2 alelos), MDH-3 (2 alelos), PGM (1 alelo), 6PGDH (2 alelos), a-EST (3 alelos). O n??mero m??dio de alelos por loco foi de 2,0 e o percentual de locos polim??rficos foi de 73,3. A heterozigosidade observada foi 0,345. O alto n??vel de variabilidade gen??tica exibido pelos acessos e sua caracteriza????o gen??tica auxiliar??o na escolha de parentais para um programa de melhoramento, com manutenc??o de uma base gen??tica ampla. O melhoramento poderia permitir o seu cultivo n??o somente em ??reas de ocorr??ncia natural, mas tamb??m em ??rea j?? degradadas devido a atividade agr??cola ou mesmo por pastejo excessivo, propiciando consider??vel volume de forragem com alto valor nutritivo. aAlozimas heterozigosidade aCaracteriza??ao genetica aVariabilidade genetica tMontevideo: Procisur, 2001.